00450nam a2200205Ia 4500008004000000041000800040082001200048100001900060245004400079260004600123440000600169650000800175650000800183650001000191650001100201650000700212650000700219650000600226650001200232210210b1859 xxu||||| |||| 00| 0 eng d aeng a940/189 aPRESCOTT (W H) aHistory of the reign of Philip II Vol I aLondonbRoutledge & Kegan Paul Ltd.c1859 a1 aVol athe areign aPhilip aof aII aI aHistory